Carbohydrate Polyesters as Fat Substitutes /

La obra aborda la producción y posible consumo del poliéster de sucrosa y otros poliésters de carbohidratos como substitutos de la grasa. Es un trabajo interdisciplinario que atañe a la ciencia de los alimentos, la bioquímica, química, biología, microbiología, farmacia, medicina, nutrición y las ing...

Celý popis

Uloženo v:
Podrobná bibliografie
Hlavní autor: Akoh, Casimir C. (ed.)
Další autoři: Swanson, Barry Grant (edición) (edición)
Médium: Kniha
Jazyk:angličtina
Vydáno: Nueva York, EUA : Marcel Dekker, 1994, c1994
Edice:(Food Science and Technology ; 62)
Témata:
Tagy: Přidat tag
Žádné tagy, Buďte první, kdo vytvoří štítek k tomuto záznamu!

MARC

LEADER 00000nam^a2200000^a^4500
001 000184806
005 20250521000000.0
009 20260310102130.186
020 |a 0-8247-9062-6 
037 |a Acervo ITESO - Biblioteca 
041 |a ING 
082 |a 664. 3  |b AKO 
100 |a Akoh, Casimir C.  |e (ed.) 
245 1 0 |a Carbohydrate Polyesters as Fat Substitutes /  |c Ed. de C.C. Akoh, B.G. Swanson. 
264 4 |a Nueva York, EUA :  |b Marcel Dekker,  |c 1994, c1994 
300 |a VIII, 269 p. 
336 |a texto  |b txt  |2 rdacontenido 
337 |a sin mediación  |b n  |2 rdamedio 
338 |a volumen  |b nc  |2 rdasoporte 
440 1 |a (Food Science and Technology ;  |v 62) 
520 |a La obra aborda la producción y posible consumo del poliéster de sucrosa y otros poliésters de carbohidratos como substitutos de la grasa. Es un trabajo interdisciplinario que atañe a la ciencia de los alimentos, la bioquímica, química, biología, microbiología, farmacia, medicina, nutrición y las ingenierías. 
649 |a XX 
650 |a Poliéster de Sucrosa 
650 |a Aditivos para Alimentos 
650 |a Substitutos de Grasa 
650 |a Productos Sintéticos 
650 |a Carbohidratos 
650 |a Síntesis de Compuestos Orgánicos 
650 |a Alimentos Dietéticos 
650 |a Industria Alimenticia 
650 |a Bioquímica 
650 |a Tecnología de Alimentos 
700 |a Swanson, Barry Grant  |e (edición) 
910 |a Fondo General 
920 |a Impresos - Libros 
930 |a Colección General 
905 |a 101 
901 |a 0500126115  |b IT1  |c ACC  |u 20250521 
902 |a https://opac.biblio.iteso.mx/vufind/Record/000184806